000 00285nam a22001337a 4500
008 170622b xxu||||| |||| 00| 0 eng d
020 _a9780813388427
041 _aeng
080 _a32
100 _a20
101 _aSHP
245 _aAGAINTS ALL ODDS
_cALLEN, J.C
942 _2udc
_cBK
999 _c18576
_d18576